Pouto stínu /
Svět utajených ještěřích tvorů žijících tajně mezi lidmi dovedl Janu k výcviku pro post bojovnice Tajemných a Lianeu k tomu, aby se utkala se stíny své minulosti.
Uloženo v:
| Série: | Dračí město,
část 2 |
|---|---|
| Hlavní autor: | |
| Médium: | E-kniha |
| Jazyk: | Czech |
| Vydáno: |
Brno:
Host,
2019
|
| Vydání: | První vydání |
| Témata: | |
| Příbuzné jednotky: | Z cyklu::
Dračí město |
| Tagy: |
Žádné tagy |
| LEADER | 02262nam a2200397 i 4500 | ||
|---|---|---|---|
| 001 | 311111 | ||
| 003 | CZ PrSKC | ||
| 005 | 20260601215659.0 | ||
| 007 | ta | ||
| 008 | 191023s2019 xr g 000 f cze | ||
| 015 | |a cnb003122370 | ||
| 020 | |a 9788075779908 |q (vázáno) | ||
| 035 | |a (OCoLC)1130262862 | ||
| 040 | |a ABG001 |b cze |e rda | ||
| 072 | 7 | |a 821.162.3-3 |x Česká próza |2 Konspekt | |
| 080 | |a 821.162.3-31 |2 MRF | ||
| 080 | |a (0:82-312.9) |2 MRF | ||
| 100 | 1 | |a Machová, Petra, |d 1988- |7 mzk2017974705 |4 aut | |
| 245 | 1 | 0 | |a Pouto stínu / |c Petra Machová |
| 250 | |a První vydání | ||
| 264 | 1 | |a Brno: |b Host, |c 2019 | |
| 300 | |a 541 stran ; |c 21 cm | ||
| 336 | |a text |b txt |2 rdacontent | ||
| 337 | |a bez média |b n |2 rdamedia | ||
| 338 | |a svazek |b nc |2 rdacarrier | ||
| 520 | 2 | |a Svět utajených ještěřích tvorů žijících tajně mezi lidmi dovedl Janu k výcviku pro post bojovnice Tajemných a Lianeu k tomu, aby se utkala se stíny své minulosti. |b Ještěři, potomci Věčného ohně, dokáží své odlišnosti maskovat a zapadnout tak nepoznaně do světa lidí, mezi které se však příliš nehrnou. Bytostně také nesnáší tzv. proměněnce, kteří byli do ještěří podoby proměněni proti své vůli. Jedním z proměněnců je i lidská dívka Jana, která se stala bojovnicí Tajemných. Ovšem nyní se jí vše hroutí, ztratila svou zvířecí podobu a dostavil se strach a noční můry. Vedle strachu z bestií se objevuje nový velký problém, ke kterému vzývaní dračí bohové také mlčí. | |
| 655 | 7 | |a české romány |7 fd133974 |2 czenas | |
| 655 | 7 | |a fantasy romány |7 fd184199 |2 czenas | |
| 655 | 9 | |a Czech fiction |2 eczenas | |
| 655 | 9 | |a fantasy novels |2 eczenas | |
| 787 | 0 | 8 | |i Z cyklu: |t Dračí město |g 2 |
| 900 | |a ABA001 |b 20 | ||
| 044 | |a xr | ||
| 910 | |a RBIT002 | ||
| 998 | |d 202546 |a https://core.palmknihy.cz/api/books/202546/cover?q0v2h8 |b https://core.palmknihy.cz/api/books/202546/cover/400?q0v2h8 |c https://core.palmknihy.cz/api/books/202546/cover/50?q0v2h8 |e 2026-12-31 |g 543 |i 9788075779908 |j https://core.palmknihy.cz/api/books/202546/preview.epub |k https://core.palmknihy.cz/api/books/202546/preview.pdf |l |q 49 |r 1 |s https://www.palmknihy.cz/kniha/202546 |t ebook |y 2019 |z 0 |v Dračí město |w 2 | ||
| 999 | |d 311109 | ||